000 00508nam a2200181Ia 4500
008 230917s9999||||xx |||||||||||||| ||und||
020 _cRS545
040 _e232042
_aMAIN
041 _aEnglish
082 _a647.94068 N539H(2)
100 _aNickson, Dennis
245 0 _aHuman resource mangement for the hospitality and tourism industries
250 _a2nd ed.
260 _aLondon
_bRotledge
_c2014
300 _axv, 352 p.
500 _a2288 11/02/2016 HBD15/1623 13/02/2016 IHTM (SFS)
942 _cBK
999 _c18263
_d18263